000 01025cam a2200289 a 4500
999 _c7901
_d7901
001 15990163
003 GZU
005 20210513101038.0
008 091119s2011 nyua b 001 0 eng
010 _a 2009048229
020 _a9780073530666 (alk. paper)
040 _aDLC
_cDLC
_dDLC
050 0 0 _aHG4027.5
_b.ROB 2011
082 0 0 _a658.15/99
_222
100 1 _aRobin, J. Ashok.
245 1 0 _aInternational corporate finance /
_cJ. Ashok Robin.
250 _a1st ed.
260 _aNew York, NY :
_bMcGraw-Hill Irwin,
_cc2011.
300 _axix, 440 p. :
_bill. ;
_c29 cm.
490 0 _aThe McGraw-Hill/Irwin series in finance, insurance, and real estate
504 _aIncludes bibliographical references and index.
650 0 _aInternational business enterprises
_xFinance.
650 0 _aCorporations
_xFinance.
906 _a7
_bcbc
_corignew
_d1
_eecip
_f20
_gy-gencatlg
942 _2lcc
_cBK
_e1st ed.
_h4027
_iROB
_kHG